Complete the Card - WWE WrestleMania 32 - Statistics

General Stats
  • This quiz has been taken 1,578 times
  • The average score is 30 of 43
Answer Stats
Answer % Correct
Roman Reigns
97%
Triple H
97%
The Undertaker
95%
Dean Ambrose
93%
Brock Lesnar
92%
Charlotte Flair
92%
Becky Lynch
91%
Shane McMahon
91%
Sasha Banks
90%
Kofi Kingston
84%
The Miz
84%
Zack Ryder
84%
Big E
83%
Sheamus
82%
Xavier Woods
82%
Brie Bella
80%
Kevin Owens
80%
Rusev
78%
The Rock
76%
Baron Corbin
74%
Erick Rowan
74%
Sami Zayn
74%
Alberto Del Rio
73%
Jey Uso
72%
Jimmy Uso
72%
Naomi
69%
AJ Styles
67%
Chris Jericho
66%
Dolph Ziggler
66%
Natalya
65%
Kalisto
63%
Paige
63%
Ryback
60%
Stardust
60%
Tamina Snuka
59%
Sin Cara
49%
Eva Marie
46%
Alicia Fox
44%
Bubba Ray Dudley
42%
D-Von Dudley
42%
Summer Rae
36%
Lana
31%
Emma
26%
No matching quizzes found
Score Distribution
Percent of People with Each Score
Percentile by Number Answered
Your Score History
You have not taken this quiz